| 000 | 00930nam a2200229 a 4500 | ||
|---|---|---|---|
| 005 | 20210219160312.0 | ||
| 008 | 081008s1989 mx r 000 0 spa d | ||
| 035 | _aUPN01000162872 | ||
| 049 | _aUNE | ||
| 080 | _a82.09 (72) VAR. | ||
| 111 | 2 |
_aMesa Redonda en el Centenario del Nacimiento de Alfonso Reyes _d(1989 : _cVillahermosa, Tabasco) |
|
| 245 | 1 | 0 | _aVariaciones en torno a Alfonso Reyes. |
| 260 |
_aVillahermosa, Tab. : _bGobierno del Estado de Tabasco, _c1989. |
||
| 300 | _a106 p. | ||
| 500 | _aIncluye bibliografía. | ||
| 690 | _aCritica literaria- Reyes Ochoa, Alfonso (1889-1959) | ||
| 690 | _aReyes Ochoa, Alfonso (1889-1959)- Biografia | ||
| 690 | _aBiografia- Reyes Ochoa, Alfonso (1889-1959) | ||
| 710 | 2 | _aIV Comité Regional de la Comisión Nacional de los Estados Unidos Mexicanos para la UNESCO | |
| 710 | 1 | _aMéxico (Tabasco). Secretaría de Educación, Cultura y Recreación. | |
| 905 | _aUNESCO | ||
| 999 |
_c134985 _d134985 |
||